| 000 | 01044nam a22002537a 4500 | ||
|---|---|---|---|
| 001 | 5605 | ||
| 003 | FISKH | ||
| 005 | 20241220090206.0 | ||
| 008 | 241220b cb ||||| |||| 00| 0 eng d | ||
| 020 | _a9780439992152 | ||
| 040 |
_aFISKH _beng _cFISKH _dFISKH |
||
| 082 | _a004.678 | ||
| 100 | _aCox, Michael | ||
| 245 |
_aThe incredible internet / _cBy Michael Cox : Illustrated by Clive Goddard |
||
| 260 |
_aNew York : _bScholastic ; _c2002. |
||
| 300 |
_a175 pages : _billustrations ; _c21 cm . |
||
| 490 | _aThe knowledge | ||
| 520 | _aFirst there were a load of boffins who got excited about thier network of nodes. Then along came one boffin who decided to make his net into a web. Now over 600 million users log on to the Incredible Indernet and Wondrous World Wide Web every day. This work offers information about the people and inventions that made it all happen. | ||
| 650 |
_atechnology _vNon-fiction |
||
| 650 |
_ainternet _vNon-fiction |
||
| 700 |
_aGoddard, Clive _eillustrator |
||
| 942 |
_2ddc _cBK _n0 |
||
| 999 |
_c5605 _d5605 |
||